书目信息 |
| 书名: | Common culture | |
| 作者: | edited by Michael Petracca, Madeleine Sorapure | |
| 分册号: | ||
| 分册名: | 出版地: | Upper Saddle River, N.J. : |
|
| 出版社: | Prentice Hall | |
| 出版时间: | c2001. | |
| 页数: | 620 p. : | |
| 开本: | 23 cm. | |
| 丛书名: | ||
| 中图分类号: | ||
| 科图分类号: | ||
| 其他分类号: | G171.2 | |
| 主题词: | ||
| 电子资源: | ||
| 000 | 01182nam 2200301 a 4500 | |
| 001 | E0731660235 | |
| 004 | 000775153 | |
| 005 | 20070423084930.43 | |
| 008 | 4001uueng0000000 | |
| 008 | 000309s2001----njua-----b----001-0-eng-- | |
| 010 | @a00029796 | |
| 020 | @a0130850985. | |
| 040 | @aDLC @cDLC @dDLC | |
| 043 | @an-us--- | |
| 050 | 00 | @aE169.04 @b.C65 2001 |
| 082 | 00 | @a306/.0973 @221 |
| 090 | @aG171.2 | |
| 099 | @dG171.2@ex2=2 | |
| 245 | 00 | @aCommon culture :@breading and writing about American popular culture / @cedited by Michael Petracca, Madeleine Sorapure |
| 250 | @a2nd ed. | |
| 260 | @aUpper Saddle River, N.J. :@bPrentice Hall,@cc2001. | |
| 300 | @a620 p. :@bill. ;@c23 cm. | |
| 504 | @aIncludes bibliographical references (p. 623-631) and indexes. | |
| 650 | 0 | @aPopular culture @zUnited States. |
| 651 | 0 | @aUnited States @xSocial life and customs @y1971- |
| 700 | 1 | @aSorapure, Madeleine. @b40 @c20021029 @lNLC09 @h1405 @b00 @c20021104 @lNLC09 @h0943 @b00 @c20021113 @lNLC09 @h2045 @b00 @c20021217 @lNLC09 @h1114 @b00 @c20021220 @lNLC09 @h1757 |
| 700 | 1 | @aPetracca, Michael, @d1947- |
| 852 | 0 | @bWWJC @cJ09 @k2-2003 @hG171.22 @iC734/2001 |
| Common culture : : reading and writing about American popular culture / / edited by Michael Petracca, Madeleine Sorapure.-2nd ed.-Upper Saddle River, N.J. : : Prentice Hall, , c2001. |
| 620 p. : : ill. ; ; 23 cm. |
| Includes bibliographical references (p. 623-631) and indexes. |
| ISBN 0130850985. |
| ● |
| 相关链接 |
|
|
|
|
正题名:Common culture
索取号:G171.2/x2=2
 
预约/预借
| 序号 | 登录号 | 条形码 | 馆藏地/架位号 | 状态 | 备注 |
| 1 | 4589 | 300045895 | 第二样本阅览室/ [索取号:G171.2/x2=2] | 在馆 |